La esencia de la estrategia de marketing: la estrategia a partir del consumidor (Registro nro. 9036)
[ vista simple ]
| 000 -Cabecera | |
|---|---|
| Campo de control de longitud fija | 00875ntm a22003257a 4500 |
| 005 - Fecha y hora de la última transacción | |
| Campo de control | 20260225115809.0 |
| 008 - Elementos de longitud fija--Información general | |
| Campo de control de longitud fija | 170314b2011 xxu||||| |||| 00| 0 spa d |
| 020 ## - International Standard Book Number | |
| Número Internacional Estándar del Libro (ISBN) | 9786074815313 |
| 041 ## - Idioma | |
| Código de idioma | Español |
| 082 ## - Clasificación Decimal Dewey | |
| Número de clasificación | 658.8 H768e |
| 100 ## - Entrada principal--Autor personal | |
| Nombre personal | Homs, Ricardo |
| 9 (RLIN) | 41183 |
| 245 ## - Título propiamente dicho | |
| Título | La esencia de la estrategia de marketing: la estrategia a partir del consumidor |
| 260 ## - Pie de imprenta | |
| Lugar de publicación, distribución, etc. | México |
| 260 ## - Pie de imprenta | |
| Nombre del editor, distribuidor, etc. | Cengage |
| 260 ## - Pie de imprenta | |
| Fecha de publicación, distribución, etc. | 2011 |
| 300 ## - Descripción física | |
| Extensión | 192 páginas |
| 490 ## - Serie | |
| Título de la Serie | Dirección y Administración de Empresas |
| 650 ## - Materia general | |
| Temática (materia general) | GERENCIA DE MERCADO |
| 650 ## - Materia general | |
| Temática (materia general) | MARKETING |
| 650 ## - Materia general | |
| Temática (materia general) | MERCADOTECNIA |
| 650 ## - Materia general | |
| Temática (materia general) | PRECIO |
| 650 ## - Materia general | |
| Temática (materia general) | GLOBALIZACIÓN |
| 650 ## - Materia general | |
| Temática (materia general) | CONSUMIDOR |
| 650 ## - Materia general | |
| Temática (materia general) | MARCAS DE PRODUCTO |
| 650 ## - Materia general | |
| Temática (materia general) | POSICIONAMIENTO |
| 650 ## - Materia general | |
| Temática (materia general) | ARQUITECTURA DE LA MARCA |
| 650 ## - Materia general | |
| Temática (materia general) | GLOBALIZACIÓN DE MARCAS |
| 650 ## - Materia general | |
| Temática (materia general) | ESTRATEGIAS |
| 942 ## - Punto de acceso adicional KOHA | |
| Tipo de ítem KOHA | Libro |
| Fuente del sistema de clasificación o colocación | Dewey Decimal Classification |
| Signatura completa | Código de barras | Programa Académico | Tipo de ítem |
|---|---|---|---|
| 658.8 H768e | 21693 | Dirección y Administración de Empresas | Libro |